| 000 | 01058cam a22003373a 4500 | ||
|---|---|---|---|
| 001 | 2459 | ||
| 005 | 20231211091652.0 | ||
| 020 | _a1423100840 (pbk.) | ||
| 020 | _a9780439773201 | ||
| 020 | _a9781423100843 (pbk.) | ||
| 040 |
_aBKX _cBKX _dBAKER _dYDXCP _dBTCTA _dDLC _beng |
||
| 050 | 0 | 0 | _aPZ7.G9846 |
| 082 | 0 | 4 |
_a423 _222 |
| 100 | 1 | _aGutman, Dan | |
| 245 | 1 | 4 |
_aThe million dollar shot / _cDan Gutman |
| 250 | _aFirst Scholastic printing, March 2005 | ||
| 260 |
_aNew York : _bScholastic, _c1997 |
||
| 300 |
_a114 pages : _c20 cm |
||
| 505 | _aP | ||
| 520 | _aEleven-year-old Eddie gets a chance to win a million dollars by sinking a foul shot at the National Basketball Association finals. | ||
| 521 |
_a680 _bLexile |
||
| 521 |
_aP _bRaz-Plus |
||
| 650 | 0 | _aBasketball stories. | |
| 650 | 0 |
_aContests _vJuvenile fiction. |
|
| 650 | 0 |
_aWealth _vJuvenile fiction. |
|
| 650 | 1 |
_aBasketball _vFiction. |
|
| 650 | 1 |
_aContests _vFiction. |
|
| 650 | 1 |
_aWealth _vFiction. |
|
| 906 |
_a7 _bcbc _ccopycat _d2 _encip _f20 _gy-gencatlg |
||
| 942 |
_2ddc _cBK _n0 |
||
| 999 |
_c2459 _d2459 |
||